[Event "HUN-ch Rapid"]
[Site "Ajka"]
[Date "2022.07.15"]
[Round "3"]
[White "Kokeny, Gabor"]
[Black "Lizak, Peter"]
[Result "1-0"]
[WhiteElo "2204"]
[BlackElo "2400"]
[PlyCount "131"]
[EventDate "2022.07.15"]
[EventType "swiss (rapid)"]
[EventRounds "13"]
[EventCountry "HUN"]
[SourceTitle "CBM 209 Extra"]
[Source "ChessBase"]
[SourceDate "2022.09.30"]
[SourceVersion "1"]
[SourceVersionDate "2022.09.30"]
[SourceQuality "1"]

1. e4 e6 2. d4 d5 3. exd5 exd5 4. Bd3 c5 5. dxc5 Bxc5 6. Nf3 Nf6 7. 0-0 0-0 8. Bg5 h6 9. Bh4 Bg4 10. Nc3 g5 11. Bg3 Nc6 12. Qd2 Bxf3 13. gxf3 Nd4 14. Kg2 Qd7 15. h3 Nh5 16. Rae1 Rfe8 17. Rxe8+ Rxe8 18. Re1 Rxe1 19. Qxe1 Ne6 20. Bf1 Nhf4+ 21. Kh2 Nd4 22. Qd1 Nde6 23. Bd3 Bb4 24. Ne2 Nxd3 25. Qxd3 Bc5 26. Qf5 Nf8 27. Qd3 Ne6 28. Qf5 Nf8 29. Qd3 Bb6 30. Nc3 d4 31. Ne4 Qe6 32. Nd6 Ng6 33. Nf5 h5 34. Qe4 h4 35. Bb8 Qxe4 36. fxe4 Bc5 37. Kg2 a6 38. Kf3 f6 39. Ke2 Kf7 40. Kd3 Ne5+ 41. Bxe5 fxe5 42. Nh6+ Ke6 43. Ng4 b5 44. f3 Bb4 45. Nh6 Bf8 46. Ng4 Bb4 47. Nf2 Be1 48. Ng4 Bg3 49. Ke2 a5 50. Kd3 Bf4 51. b3 Bc1 52. a4 bxa4 53. bxa4 Ba3 54. Kc4 Bb4 55. Nf2 Be1 56. Nd3 Bc3 57. Kb5 Bd2 58. Kc6 Bc3 59. Nc5+ Kf6 60. Kd5 g4 61. fxg4 Kg5 62. Nd3 Kf6 63. Nxe5 Kg5 64. Nd3 Kf6 65. e5+ Ke7 66. e6 1-0

[Event "HUN-chT2 Asztalos 1718"]
[Site "Hungary"]
[Date "2018.05.06"]
[Round "9.1"]
[White "Vidic, Stevan"]
[Black "Kokeny, Gabor"]
[Result "1/2-1/2"]
[WhiteElo "2269"]
[BlackElo "2107"]
[PlyCount "95"]
[EventDate "2017.10.29"]
[EventType "team-tourn"]
[EventRounds "9"]
[EventCountry "HUN"]
[SourceTitle "EXT 2021"]
[Source "ChessBase"]
[SourceDate "2020.10.23"]
[SourceVersion "1"]
[SourceVersionDate "2020.10.23"]
[SourceQuality "1"]
[WhiteTeam "Baja"]
[BlackTeam "Komlo Banyasz II"]
[WhiteTeamCountry "HUN"]
[BlackTeamCountry "HUN"]

1. d4 d5 2. Nf3 Nf6 3. c4 c6 4. e3 Bf5 5. Nc3 e6 6. Bd3 Bxd3 7. Qxd3 Bb4 8. 0-0 Nbd7 9. a3 Bxc3 10. bxc3 Ne4 11. cxd5 cxd5 12. c4 0-0 13. Bd2 Rc8 14. Rfc1 Qf6 15. Be1 b6 16. a4 Qf5 17. cxd5 Qxd5 18. Qa6 Qa8 19. h3 Rc6 20. Qd3 Rcc8 21. a5 Qb7 22. Rab1 h6 23. axb6 axb6 24. Qb5 Nd6 25. Qb4 Qd5 26. Nd2 e5 27. Nf3 exd4 28. Qxd4 Qxd4 29. Nxd4 Ne4 30. Nf5 Rxc1 31. Rxc1 Ra8 32. f3 Nec5 33. Bc3 f6 34. Rb1 Ra2 35. Bd4 Rc2 36. Ra1 Ne6 37. Ra7 Rc7 38. Ra1 Rc2 39. Rb1 Nec5 40. Ne7+ Kf7 41. Nd5 Nd3 42. Nxb6 Nxb6 43. Bxb6 Rc1+ 44. Rxc1 Nxc1 45. Kf2 Ke6 46. Bd4 g6 47. e4 Nd3+ 48. Ke3 1/2-1/2

[Event "HUN-chT2 Asztalos 1617"]
[Site "Hungary"]
[Date "2016.10.30"]
[Round "3.1"]
[White "Jesenski, Tibor"]
[Black "Kokeny, Gabor"]
[Result "1/2-1/2"]
[WhiteElo "2344"]
[BlackElo "2091"]
[PlyCount "94"]
[EventDate "2016.09.25"]
[EventType "team-tourn"]
[EventRounds "11"]
[EventCountry "HUN"]
[SourceTitle "EXT 2021"]
[Source "ChessBase"]
[SourceDate "2020.10.23"]
[SourceVersion "1"]
[SourceVersionDate "2020.10.23"]
[SourceQuality "1"]
[WhiteTeam "Baja"]
[BlackTeam "Komlo Banyasz II"]
[WhiteTeamCountry "HUN"]
[BlackTeamCountry "HUN"]

1. d4 d5 2. c4 c6 3. Nf3 Nf6 4. g3 Bf5 5. Bg2 h6 6. 0-0 e6 7. Qb3 Qb6 8. Nc3 Qxb3 9. axb3 Bc2 10. Bf4 Nbd7 11. Nd2 g5 12. Be3 Ng4 13. Rfc1 Bg6 14. cxd5 exd5 15. Nxd5 cxd5 16. Bxd5 Bb4 17. Nf1 Nxe3 18. Nxe3 0-0 19. Bxb7 Rab8 20. Rxa7 Bd2 21. Rc7 Bxe3 22. Rxd7 Bc1 23. e3 Bd2 24. Rc7 Rfd8 25. g4 Bb4 26. Rc4 Bd6 27. f3 Rd7 28. Rc6 Rdxb7 29. Rxb7 Rxb7 30. Rxd6 Rxb3 31. Kf2 Rxb2+ 32. Kg3 Rb3 33. Rd8+ Kg7 34. Re8 Rd3 35. f4 f6 36. Re7+ Bf7 37. fxg5 hxg5 38. Kf2 Kf8 39. Ra7 Rd2+ 40. Kg3 Re2 41. Ra3 Bd5 42. h4 gxh4+ 43. Kxh4 Rg2 44. Ra5 Be6 45. g5 Kg7 46. gxf6+ Kxf6 47. Ra6 Rg4+ 1/2-1/2

[Event "HUN-chT2 Asztalos 1516"]
[Site "Hungary"]
[Date "2015.09.13"]
[Round "1.1"]
[White "Kokeny, Gabor"]
[Black "Horvath, Miklos"]
[Result "1-0"]
[WhiteElo "2058"]
[BlackElo "2205"]
[PlyCount "29"]
[EventDate "2015.09.13"]
[EventType "team-tourn"]
[EventRounds "11"]
[EventCountry "HUN"]
[SourceTitle "CBM 170 Extra"]
[Source "ChessBase"]
[SourceDate "2016.02.25"]
[SourceVersion "1"]
[SourceVersionDate "2016.02.25"]
[SourceQuality "1"]
[WhiteTeam "Komlo Banyasz"]
[BlackTeam "Fehervar"]
[WhiteTeamCountry "HUN"]
[BlackTeamCountry "HUN"]

1. e4 d6 2. d4 Nf6 3. Nc3 g6 4. Nf3 Bg7 5. Bg5 c6 6. Qd2 b5 7. Bd3 h6 8. Bf4 a6 9. h3 Nbd7 10. e5 dxe5 11. dxe5 Nd5 12. Nxd5 cxd5 13. e6 fxe6 14. Bxg6+ Kf8 15. 0-0 1-0

[Event "HUN-chT2 Asztalos 1213"]
[Site "Hungary"]
[Date "2013.01.27"]
[Round "6.5"]
[White "Mitric, Milutin"]
[Black "Kokeny, Gabor"]
[Result "1/2-1/2"]
[WhiteElo "2017"]
[BlackElo "2076"]
[PlyCount "97"]
[EventDate "2012.09.16"]
[EventType "team-tourn"]
[EventRounds "9"]
[EventCountry "HUN"]
[SourceTitle "EXT 2014"]
[Source "ChessBase"]
[SourceDate "2013.11.20"]
[SourceVersion "1"]
[SourceVersionDate "2013.11.20"]
[SourceQuality "1"]
[WhiteTeam "Mohacs"]
[BlackTeam "Komlo"]
[WhiteTeamCountry "HUN"]
[BlackTeamCountry "HUN"]

1. d4 d5 2. Nf3 Nf6 3. c4 c6 4. Nc3 Bf5 5. e3 e6 6. Nh4 Be4 7. f3 Nh5 8. g3 Bg6 9. cxd5 exd5 10. Bg2 Bd6 11. f4 Nf6 12. Nxg6 hxg6 13. 0-0 Nbd7 14. Bd2 0-0 15. g4 Re8 16. g5 Ne4 17. Nxe4 dxe4 18. Qg4 Nb6 19. f5 gxf5 20. Qxf5 Qd7 21. Bxe4 Qxf5 22. Bxf5 Nc4 23. Bc1 Nxe3 24. Bxe3 Rxe3 25. Rae1 Rae8 26. Rxe3 Rxe3 27. Kf2 Re8 28. h3 g6 29. Bc2 Bf4 30. h4 Be3+ 31. Kf3 Bxd4 32. Be4 Re7 33. b3 Kg7 34. Rd1 c5 35. Rh1 b5 36. h5 gxh5 37. Rxh5 Kf8 38. Rh6 c4 39. bxc4 bxc4 40. Rd6 Be5 41. Rc6 c3 42. a4 Kg7 43. a5 Bd4 44. Rc4 Be5 45. Rc6 Rc7 46. Rxc7 Bxc7 47. a6 Bd8 48. Kf4 Kf8 49. g6 1/2-1/2

[Event "HUN-chT2 Asztalos 1213"]
[Site "Hungary"]
[Date "2012.11.18"]
[Round "4.5"]
[White "Hoflinger, Istvan"]
[Black "Kokeny, Gabor"]
[Result "0-1"]
[WhiteElo "1914"]
[BlackElo "2076"]
[PlyCount "68"]
[EventDate "2012.09.16"]
[EventType "team-tourn"]
[EventRounds "9"]
[EventCountry "HUN"]
[SourceTitle "EXT 2014"]
[Source "ChessBase"]
[SourceDate "2013.11.20"]
[SourceVersion "1"]
[SourceVersionDate "2013.11.20"]
[SourceQuality "1"]
[WhiteTeam "Dunaujvaros"]
[BlackTeam "Komlo"]
[WhiteTeamCountry "HUN"]
[BlackTeamCountry "HUN"]

1. d4 d5 2. c4 c6 3. e3 Nf6 4. Nf3 Bf5 5. Nc3 e6 6. Bd3 Bxd3 7. Qxd3 Bb4 8. a3 Bxc3+ 9. Qxc3 Nbd7 10. 0-0 0-0 11. Nd2 Re8 12. b4 e5 13. Bb2 e4 14. Rae1 Nh5 15. f3 f5 16. fxe4 fxe4 17. cxd5 cxd5 18. Qb3 Nhf6 19. Nb1 Nb6 20. Nd2 Qd7 21. Rf4 Rac8 22. Rc1 Rxc1+ 23. Bxc1 Rc8 24. Rf1 Qa4 25. h3 Rc2 26. Qxa4 Nxa4 27. Nb1 Nc3 28. Nxc3 Rxc3 29. Kh2 Rc2 30. Kg3 Kf7 31. Kh2 b5 32. Kg1 h5 33. Rd1 Nd7 34. Bd2 Nb6 0-1

[Event "HUN-chT2 Asztalos 1213"]
[Site "Hungary"]
[Date "2012.10.07"]
[Round "2.5"]
[White "Vanya, Janos"]
[Black "Kokeny, Gabor"]
[Result "0-1"]
[WhiteElo "1942"]
[BlackElo "2082"]
[PlyCount "52"]
[EventDate "2012.09.16"]
[EventType "team-tourn"]
[EventRounds "9"]
[EventCountry "HUN"]
[SourceTitle "EXT 2014"]
[Source "ChessBase"]
[SourceDate "2013.11.20"]
[SourceVersion "1"]
[SourceVersionDate "2013.11.20"]
[SourceQuality "1"]
[WhiteTeam "Kaposvar Bastya"]
[BlackTeam "Komlo"]
[WhiteTeamCountry "HUN"]
[BlackTeamCountry "HUN"]

1. d4 d5 2. c4 c6 3. Nc3 Nf6 4. Nf3 Bf5 5. e3 e6 6. Be2 Nbd7 7. 0-0 Bd6 8. cxd5 exd5 9. b3 0-0 10. Bb2 Qe7 11. Rc1 Ne4 12. Re1 Ndf6 13. Bf1 Ng4 14. Re2 Rfe8 15. Qe1 Ng5 16. Ne5 Bxe5 17. dxe5 Nxe5 18. Qd1 Ngf3+ 19. Kh1 Nxh2 20. f4 Nxf1 21. Qxf1 Qh4+ 22. Kg1 Ng4 23. g3 Qxg3+ 24. Qg2 Rxe3 25. Nd1 Qxg2+ 26. Rxg2 Re1# 0-1

[Event "HUN-chT2 Asztalos 1213"]
[Site "Hungary"]
[Date "2012.09.16"]
[Round "1.5"]
[White "Kokeny, Gabor"]
[Black "Szijarto, Attila"]
[Result "1-0"]
[WhiteElo "2082"]
[BlackElo "2101"]
[PlyCount "167"]
[EventDate "2012.09.16"]
[EventType "team-tourn"]
[EventRounds "9"]
[EventCountry "HUN"]
[SourceTitle "EXT 2014"]
[Source "ChessBase"]
[SourceDate "2013.11.20"]
[SourceVersion "1"]
[SourceVersionDate "2013.11.20"]
[SourceQuality "1"]
[WhiteTeam "Komlo"]
[BlackTeam "Nagyatad"]
[WhiteTeamCountry "HUN"]
[BlackTeamCountry "HUN"]

1. e4 c5 2. Nf3 d6 3. d4 cxd4 4. Nxd4 Nf6 5. Nc3 g6 6. Be3 Bg7 7. f3 0-0 8. Bc4 Nc6 9. Qd2 Bd7 10. 0-0-0 Qa5 11. Bb3 Rfc8 12. h4 h5 13. Kb1 Ne5 14. Bh6 Nc4 15. Qg5 Qxg5 16. Bxg5 Nb6 17. Nde2 a5 18. Be3 Nc4 19. Bd4 b5 20. Bxf6 Bxf6 21. Nd5 Ra6 22. Bxc4 Rxc4 23. Nxf6+ exf6 24. Rd2 Kf8 25. Rhd1 Ke7 26. Nd4 Rb6 27. b3 Rc7 28. Kb2 a4 29. b4 Be6 30. a3 Rc4 31. Re1 Rb8 32. Re3 Rcc8 33. f4 Bc4 34. e5 dxe5 35. fxe5 f5 36. g3 Rb6 37. Re1 Kf8 38. Nf3 Rbb8 39. Rd6 Rd8 40. Red1 Rxd6 41. Rxd6 Re8 42. Rd7 Re7 43. Rxe7 Kxe7 44. Kc3 Ke6 45. Kd4 Be2 46. Ng5+ Ke7 47. Nh3 Bc4 48. Nf4 Kd7 49. Nd5 Kc6 50. Ne3 Be6 51. c4 bxc4 52. Nxc4 Bc8 53. Nb2 Kb5 54. Nd1 Kb6 55. Nc3 Bd7 56. Kd5 Be6+ 57. Kd4 Bb3 58. Ne2 Kc6 59. Nf4 Kb6 60. Nh3 Kc6 61. Ng5 Kb5 62. Nh7 Kc6 63. Nf6 Be6 64. Nh7 Bb3 65. Ng5 Kb5 66. e6 fxe6 67. Nf3 Bc2 68. Ne5 Bb3 69. Nxg6 Kc6 70. Ke5 Kd7 71. Nf4 Bd1 72. Nxe6 Ke7 73. Nd4 Bg4 74. Nxf5+ Kd7 75. Nd4 Kc7 76. Nb5+ Kb6 77. Nd4 Kc7 78. Nc2 Be2 79. Ne3 Kd7 80. Kf4 Ke6 81. g4 hxg4 82. Nxg4 Kd5 83. h5 Ke6 84. h6 1-0

[Event "HUN-chT2 Asztalos 1112"]
[Site "Hungary"]
[Date "2012.03.11"]
[Round "7.6"]
[White "Hoflinger, Istvan"]
[Black "Kokeny, Gabor"]
[Result "0-1"]
[WhiteElo "1924"]
[BlackElo "2077"]
[PlyCount "32"]
[EventDate "2011.09.25"]
[EventType "team-tourn"]
[EventRounds "11"]
[EventCountry "HUN"]
[SourceTitle "EXT 2013"]
[Source "ChessBase"]
[SourceDate "2012.11.22"]
[SourceVersion "1"]
[SourceVersionDate "2012.11.22"]
[SourceQuality "1"]
[WhiteTeam "Dunaujvaros"]
[BlackTeam "Komlo"]
[WhiteTeamCountry "HUN"]
[BlackTeamCountry "HUN"]

1. d4 d5 2. c4 c6 3. e3 Nf6 4. Nf3 Bf5 5. Nc3 e6 6. Be2 Nbd7 7. 0-0 Bd6 8. h3 Ne4 9. Qb3 Rb8 10. Nxe4 dxe4 11. Ne1 Qg5 12. f4 Qg3 13. Kh1 h5 14. Bd2 Rh6 15. Rg1 Bxh3 16. Qd1 Nf6 0-1

[Event "HUN-chT2 Asztalos 1011"]
[Site "Hungary"]
[Date "2010.11.07"]
[Round "5.6"]
[White "Varadi, Benedek"]
[Black "Kokeny, Gabor"]
[Result "1/2-1/2"]
[WhiteElo "1841"]
[BlackElo "2083"]
[PlyCount "59"]
[EventDate "2010.09.12"]
[EventType "team-tourn"]
[EventRounds "11"]
[EventCountry "HUN"]
[SourceTitle "EXT 2012"]
[Source "ChessBase"]
[SourceDate "2011.11.24"]
[SourceVersion "1"]
[SourceVersionDate "2011.11.24"]
[SourceQuality "1"]
[WhiteTeam "Dunajvaros"]
[BlackTeam "Komlo"]
[WhiteTeamCountry "HUN"]
[BlackTeamCountry "HUN"]

1. d4 d5 2. c4 c6 3. e3 Nf6 4. Nf3 e6 5. Nbd2 Nbd7 6. b3 Bd6 7. Bb2 0-0 8. Bd3 Re8 9. Ne5 Bxe5 10. dxe5 Nc5 11. Bc2 Nfe4 12. Nxe4 Nxe4 13. Bxe4 dxe4 14. Qxd8 Rxd8 15. Rd1 Rxd1+ 16. Kxd1 Kf8 17. Ba3+ Ke8 18. Kc2 b6 19. Rd1 c5 20. Rd2 Bb7 21. Rd6 Rc8 22. Bb2 Rc7 23. Bc3 Ke7 24. Rd2 Ke8 25. Rd6 Ke7 26. Rd2 Rc6 27. Rd1 Rc7 28. Rd2 Ke8 29. Rd6 Ke7 30. Rd2 1/2-1/2

[Event "HUN-chT2 Asztalos 0910"]
[Site "Hungary"]
[Date "2010.05.02"]
[Round "11"]
[White "Kokeny, Gabor"]
[Black "Katona, Ferenc Jr"]
[Result "1/2-1/2"]
[WhiteElo "2111"]
[BlackElo "1872"]
[PlyCount "102"]
[EventDate "2009.11.08"]
[EventType "team-tourn"]
[EventRounds "11"]
[EventCountry "HUN"]
[SourceTitle "EXT 2011"]
[Source "ChessBase"]
[SourceDate "2010.11.26"]
[SourceVersion "1"]
[SourceVersionDate "2010.11.26"]
[SourceQuality "1"]
[WhiteTeam "Komlo"]
[BlackTeam "Dunaujvaros"]
[WhiteTeamCountry "HUN"]
[BlackTeamCountry "HUN"]

1. e4 d5 2. exd5 Qxd5 3. Nc3 Qa5 4. Bc4 Bf5 5. d3 e6 6. Bd2 c6 7. Qe2 Nf6 8. Nf3 Nbd7 9. Nd4 0-0-0 10. 0-0-0 Nb6 11. Nd5 Qc5 12. Nb3 Qd6 13. Bf4 Qd7 14. Nc3 Nbd5 15. Bxd5 Nxd5 16. Nxd5 Qxd5 17. Qe3 b6 18. f3 Bd6 19. Rhe1 Bxf4 20. Qxf4 Rhe8 21. c4 Qd6 22. Qxd6 Rxd6 23. d4 Red8 24. Kd2 Kc7 25. Kc3 R6d7 26. Rd2 Bg6 27. Red1 Bf5 28. h4 h6 29. Nc1 Kb7 30. b4 Kc7 31. Ne2 Kb7 32. g4 Bh7 33. Nf4 g5 34. hxg5 hxg5 35. Rh1 gxf4 36. Rxh7 f5 37. Rxd7+ Rxd7 38. gxf5 exf5 39. Re2 Rg7 40. d5 cxd5 41. cxd5 Kc7 42. Kd4 Rg3 43. Rc2+ Kd6 44. Rc6+ Kd7 45. Rc3 Kd6 46. a4 Rh3 47. a5 bxa5 48. bxa5 Rg3 49. Rc6+ Kd7 50. Rf6 Rxf3 51. Rxf5 Ra3 1/2-1/2

[Event "HUN-chT2 Asztalos 0910"]
[Site "Hungary"]
[Date "2010.03.21"]
[Round "8"]
[White "Kokeny, Gabor"]
[Black "Mitric, Milutin"]
[Result "1-0"]
[WhiteElo "2111"]
[BlackElo "1969"]
[PlyCount "55"]
[EventDate "2009.11.08"]
[EventType "team-tourn"]
[EventRounds "11"]
[EventCountry "HUN"]
[SourceTitle "EXT 2011"]
[Source "ChessBase"]
[SourceDate "2010.11.26"]
[SourceVersion "1"]
[SourceVersionDate "2010.11.26"]
[SourceQuality "1"]
[WhiteTeam "Komlo"]
[BlackTeam "Mohacs"]
[WhiteTeamCountry "HUN"]
[BlackTeamCountry "HUN"]

1. e4 e6 2. d4 d5 3. Nc3 dxe4 4. Nxe4 Nf6 5. Bd3 Nc6 6. Nxf6+ Qxf6 7. Nf3 h6 8. c3 Bd6 9. Nd2 Qd8 10. Qf3 Bd7 11. Ne4 Be7 12. Qg3 g6 13. Bf4 Bh4 14. Qf3 b6 15. 0-0-0 f5 16. Nd2 Bg5 17. d5 exd5 18. Bxg5 hxg5 19. Rhe1+ Ne7 20. Qxd5 Ba4 21. Rxe7+ Kxe7 22. Qe5+ Kd7 23. Nb3 Kc6 24. Be2 Qxd1+ 25. Bxd1 Bxb3 26. Bf3+ Kd7 27. Bxa8 Rxa8 28. axb3 1-0

[Event "HUN-chT2 Asztalos 0910"]
[Site "Hungary"]
[Date "2010.02.28"]
[Round "7"]
[White "Kokeny, Gabor"]
[Black "Hagymasi, Janos"]
[Result "1-0"]
[WhiteElo "2111"]
[BlackElo "2000"]
[PlyCount "63"]
[EventDate "2009.11.08"]
[EventType "team-tourn"]
[EventRounds "11"]
[EventCountry "HUN"]
[SourceTitle "EXT 2011"]
[Source "ChessBase"]
[SourceDate "2010.11.26"]
[SourceVersion "1"]
[SourceVersionDate "2010.11.26"]
[SourceQuality "1"]
[WhiteTeam "Komlo"]
[BlackTeam "Veszprem"]
[WhiteTeamCountry "HUN"]
[BlackTeamCountry "HUN"]

1. e4 e5 2. Nf3 Nc6 3. d4 exd4 4. Bc4 Bc5 5. 0-0 d6 6. c3 Bg4 7. cxd4 Nxd4 8. Qa4+ Bd7 9. Qd1 Nxf3+ 10. Qxf3 Qf6 11. Qb3 Bc6 12. Nc3 Bb6 13. Be3 Ne7 14. Rae1 0-0 15. Bxb6 axb6 16. Re3 Ng6 17. Rf3 Qe7 18. Rg3 Rae8 19. f4 Qd7 20. Bd5 Bxd5 21. Nxd5 Kh8 22. f5 Ne5 23. f6 g6 24. Qe3 Rg8 25. Rh3 g5 26. Rf5 Rg6 27. Rxg5 Qa4 28. Nc3 Qc6 29. Rgh5 Rxf6 30. Rxh7+ Kg8 31. Rh8+ Kg7 32. Qg5+ 1-0

[Event "HUN-chT2 Asztalos 0910"]
[Site "Hungary"]
[Date "2009.11.22"]
[Round "2"]
[White "Haraszti, Laszlo"]
[Black "Kokeny, Gabor"]
[Result "0-1"]
[WhiteElo "1977"]
[BlackElo "2111"]
[PlyCount "132"]
[EventDate "2009.11.08"]
[EventType "team-tourn"]
[EventRounds "11"]
[EventCountry "HUN"]
[SourceTitle "EXT 2011"]
[Source "ChessBase"]
[SourceDate "2010.11.26"]
[SourceVersion "1"]
[SourceVersionDate "2010.11.26"]
[SourceQuality "1"]
[WhiteTeam "Siklos"]
[BlackTeam "Komlo"]
[WhiteTeamCountry "HUN"]
[BlackTeamCountry "HUN"]

1. e4 c5 2. Nf3 Nc6 3. d4 cxd4 4. Nxd4 Nf6 5. Nc3 e5 6. Ndb5 Bc5 7. Nd6+ Ke7 8. Nxc8+ Rxc8 9. Bg5 Kf8 10. Bd3 h6 11. Bxf6 Qxf6 12. 0-0 Nd4 13. Kh1 Ne6 14. Nd5 Qh4 15. g3 Qh3 16. f4 h5 17. Qf3 h4 18. g4 Qxf3+ 19. Rxf3 exf4 20. Nxf4 Ng5 21. Rff1 Rh6 22. Nd5 Re6 23. Rae1 Re5 24. Nf4 Kg8 25. Ng2 h3 26. Nh4 Rce8 27. Nf3 Nxf3 28. Rxf3 d5 29. Rf5 g6 30. Rxe5 Rxe5 31. c4 dxc4 32. Bxc4 Bd4 33. b3 Kg7 34. Bf1 Rc5 35. Bxh3 Rc2 36. Bf1 Rxa2 37. Bc4 a5 38. Re2 Ra1+ 39. Kg2 Rg1+ 40. Kh3 Rc1 41. e5 a4 42. Kg2 Rc3 43. e6 fxe6 44. Rxe6 Rxc4 45. bxa4 Bc5 46. a5 Rxg4+ 47. Kf3 Ra4 48. a6 Rxa6 49. Re5 Ra3+ 50. Kg4 b6 51. h3 Rg3+ 52. Kh4 Rg2 53. Rxc5 Rg4+ 54. hxg4 bxc5 55. Kg5 c4 56. Kf4 Kf6 57. g5+ Ke6 58. Ke4 c3 59. Kd3 Kf5 60. Kxc3 Kxg5 61. Kd3 Kg4 62. Ke3 Kg3 63. Ke2 Kg2 64. Ke3 g5 65. Ke2 g4 66. Ke1 g3 0-1

[Event "HUN-chT2 Asztalos 0809"]
[Site "Hungary"]
[Date "2009.03.08"]
[Round "9"]
[White "Kadlicsko, Jozsef"]
[Black "Kokeny, Gabor"]
[Result "1/2-1/2"]
[WhiteElo "2139"]
[BlackElo "2148"]
[PlyCount "83"]
[EventDate "2008.10.26"]
[EventType "team-tourn"]
[EventRounds "11"]
[EventCountry "HUN"]
[SourceTitle "EXT 2010"]
[Source "ChessBase"]
[SourceDate "2010.11.25"]
[SourceVersion "1"]
[SourceVersionDate "2010.11.25"]
[SourceQuality "1"]
[WhiteTeam "Fehervar"]
[BlackTeam "Komlo"]
[WhiteTeamCountry "HUN"]
[BlackTeamCountry "HUN"]

1. d4 d5 2. Nf3 Nf6 3. c4 c6 4. Nc3 Bf5 5. Bg5 Nbd7 6. e3 e6 7. Be2 Bd6 8. Qb3 Qb6 9. c5 Qxb3 10. axb3 Bc7 11. b4 0-0 12. b5 Ne4 13. Nxe4 Bxe4 14. 0-0 h6 15. Bh4 Rfe8 16. Ra3 e5 17. Bg3 Bxf3 18. Bxf3 f5 19. Bh5 Re6 20. b6 Bb8 21. bxa7 Rxa7 22. Rxa7 Bxa7 23. Ra1 Bb8 24. Ra8 g6 25. Bd1 Kg7 26. b4 h5 27. dxe5 Bxe5 28. Ra7 f4 29. Bh4 Bf6 30. Bxf6+ Kxf6 31. Rxb7 Ne5 32. Kf1 fxe3 33. fxe3 Nc4 34. Bf3 Nxe3+ 35. Kf2 Nf5 36. b5 cxb5 37. Rxb5 Nd4 38. Rb6 Ke5 39. Ke3 Rc6 40. Rxc6 Nxc6 41. h3 h4 42. Bd1 1/2-1/2

[Event "HUN-chT2 Asztalos 0809"]
[Site "Hungary"]
[Date "2009.02.08"]
[Round "7"]
[White "Kokeny, Gabor"]
[Black "Kovacs, Imre"]
[Result "1-0"]
[WhiteElo "2148"]
[BlackElo "1962"]
[PlyCount "68"]
[EventDate "2008.10.26"]
[EventType "team-tourn"]
[EventRounds "11"]
[EventCountry "HUN"]
[SourceTitle "EXT 2010"]
[Source "ChessBase"]
[SourceDate "2010.11.25"]
[SourceVersion "1"]
[SourceVersionDate "2010.11.25"]
[SourceQuality "1"]
[WhiteTeam "Komlo"]
[BlackTeam "MAV Elore"]
[WhiteTeamCountry "HUN"]
[BlackTeamCountry "HUN"]

1. e4 d6 2. d4 Nf6 3. Nc3 g6 4. Nf3 c6 5. Be2 b5 6. a3 Nbd7 7. 0-0 Nb6 8. Bg5 h6 9. Bxf6 exf6 10. d5 a6 11. dxc6 Be6 12. Nd5 Bxd5 13. exd5 Bg7 14. Qd2 f5 15. Rab1 0-0 16. b3 Re8 17. c4 bxc4 18. Bxc4 Re4 19. Bd3 Re7 20. Qa5 Kf8 21. Rfe1 Bf6 22. a4 Qb8 23. Rxe7 Bxe7 24. Re1 Bf6 25. Nd2 Bd4 26. Qb4 Bf6 27. Qa5 Bd4 28. Nf3 Bf6 29. Rc1 Bd8 30. Qc3 Kg8 31. c7 Bxc7 32. Qxc7 Nxd5 33. Qxb8+ Rxb8 34. Bxa6 Rxb3 1-0

[Event "HUN-chT2 Asztalos 0809"]
[Site "Hungary"]
[Date "2009.01.25"]
[Round "6"]
[White "Kokeny, Gabor"]
[Black "Szijarto, Andras"]
[Result "1/2-1/2"]
[WhiteElo "2148"]
[BlackElo "2071"]
[PlyCount "20"]
[EventDate "2008.10.26"]
[EventType "team-tourn"]
[EventRounds "11"]
[EventCountry "HUN"]
[SourceTitle "EXT 2010"]
[Source "ChessBase"]
[SourceDate "2010.11.25"]
[SourceVersion "1"]
[SourceVersionDate "2010.11.25"]
[SourceQuality "1"]
[WhiteTeam "Komlo"]
[BlackTeam "Nagyatad"]
[WhiteTeamCountry "HUN"]
[BlackTeamCountry "HUN"]

1. e4 Nf6 2. e5 Nd5 3. Bc4 Nb6 4. Bb3 d5 5. d4 Bf5 6. Nd2 e6 7. Ne2 c5 8. c3 Nc6 9. 0-0 Be7 10. Nf3 0-0 1/2-1/2

[Event "HUN-chT2 Asztalos 0809"]
[Site "Hungary"]
[Date "2008.10.26"]
[Round "1"]
[White "Osztobanyi, Zoltan"]
[Black "Kokeny, Gabor"]
[Result "1-0"]
[WhiteElo "2153"]
[BlackElo "2148"]
[PlyCount "89"]
[EventDate "2008.10.26"]
[EventType "team-tourn"]
[EventRounds "11"]
[EventCountry "HUN"]
[SourceTitle "EXT 2010"]
[Source "ChessBase"]
[SourceDate "2010.11.25"]
[SourceVersion "1"]
[SourceVersionDate "2010.11.25"]
[SourceQuality "1"]
[WhiteTeam "Dunaujvaros"]
[BlackTeam "Komlo"]
[WhiteTeamCountry "HUN"]
[BlackTeamCountry "HUN"]

1. Nf3 Nf6 2. c4 g6 3. g3 Bg7 4. Bg2 0-0 5. 0-0 d6 6. Nc3 c5 7. d4 Qc7 8. d5 a6 9. a4 Nbd7 10. e4 Ne5 11. Nxe5 dxe5 12. h3 Ne8 13. Be3 Nd6 14. Qe2 Bd7 15. f3 Rac8 16. Rfc1 f5 17. g4 Kh8 18. a5 Nf7 19. Na4 Bxa4 20. Rxa4 fxe4 21. fxe4 Bf6 22. b4 Qd7 23. Rca1 cxb4 24. Rxb4 Bg5 25. c5 Bf6 26. Rab1 Nd8 27. g5 Bg7 28. h4 Rf4 29. Bxf4 exf4 30. Rc1 Nf7 31. Kh2 Qc7 32. Bf3 Ne5 33. Kg2 Qd7 34. c6 bxc6 35. dxc6 Qe6 36. c7 Nxf3 37. Qxf3 Qa2+ 38. Kh3 Qd2 39. Rb8 Qd7+ 40. Qg4 Qd3+ 41. Kh2 Qd2+ 42. Qg2 Qd7 43. Rxc8+ Qxc8 44. Qg4 e6 45. Qxe6 1-0

[Event "HUN-chT2 Asztalos 0708"]
[Site "Hungary"]
[Date "2008.05.18"]
[Round "11"]
[White "Kokeny, Gabor"]
[Black "Geresdi, Andras"]
[Result "1-0"]
[WhiteElo "2187"]
[BlackElo "1798"]
[PlyCount "53"]
[EventDate "2007.10.14"]
[EventType "team"]
[EventRounds "11"]
[EventCountry "HUN"]
[SourceTitle "EXT 2009"]
[Source "ChessBase"]
[SourceDate "2008.11.26"]
[SourceVersion "1"]
[SourceVersionDate "2008.11.26"]
[SourceQuality "1"]
[WhiteTeam "Komlo Banyasz"]
[BlackTeam "Pannonpower II"]
[WhiteTeamCountry "HUN"]
[BlackTeamCountry "HUN"]

1. e4 c5 2. Nc3 d6 3. g3 Nf6 4. Bg2 Nc6 5. f4 Bg4 6. Nf3 e5 7. d3 Nd4 8. 0-0 Be7 9. fxe5 dxe5 10. Bg5 Nxf3+ 11. Bxf3 Qd4+ 12. Kg2 Bxf3+ 13. Qxf3 0-0 14. Bxf6 Bxf6 15. Nd5 Qxb2 16. Nxf6+ gxf6 17. Qxf6 Qxc2+ 18. Kh3 Qxd3 19. Rf5 Qd7 20. Kh4 Rfc8 21. Raf1 h6 22. Qxh6 Rc6 23. Rg5+ Rg6 24. Rxf7 Kxf7 25. Qxg6+ Ke7 26. Rxe5+ Kd8 27. Rd5 1-0